Za vyšší úroveň organisační práce základních odborových organisací : určeno odborovým funkcionářům /

Uložené v:
Podrobná bibliografia
Hlavní autori: Halada, Ivan (Author), Novotný, Radislav (Author)
Médium: Kniha
Jazyk:Czech
Vydané: Praha : Práce, 1955.
Vydanie:1. vyd.
Edícia:Odborář sv. 76
ISBN: (brož.)
Fyzický popis: 37, [9] s. + : il.
Tagy: Pridať tag
Žiadne tagy, Buďte prvý kto otaguje tento záznam!

MARC

LEADER 00000nam a22000001 4500
001 000538310
005 20170430134225.0
008 981230 1955 xr e cze d
020 |a (brož.)  |c Kčs 1,35 
040 |a SVKKK  |b slo  |c SVKKK  |e AACR2 
041 0 |a cze 
044 |a xr  |c CZ 
100 1 |a Halada, Ivan  |4 aut 
245 1 0 |a Za vyšší úroveň organisační práce základních odborových organisací :  |b určeno odborovým funkcionářům /  |c I. Halada a Radislav Novotný. 
250 |a 1. vyd. 
260 |a Praha :  |b Práce,  |c 1955. 
300 |a 37, [9] s. + :  |b il. 
366 |e 18300 výt. 
490 1 |a Odborář  |v sv. 76 
700 1 |a Novotný, Radislav  |4 aut 
830 0 |a Odborář  |v sv. 76 
910 |a svkkk 
998 |a BK 
090 |g SCKHL  |k Sklad Pribinova 2. posch.  |a III.21589  |j 103258  |i 2720369755  |s Prezenčne 
090 |g SCKHL  |k Sklad Pribinova 2. posch.  |a III.33390  |j 97912  |i 2720315045  |s Prezenčne